1192 1425 1295 1592 1766 1543 1349 1487 1888 1520 1466 1730 1972 1694 1821 1390 1629 1623 1659 1855 1890 1764 1104 1938 1200 1318 1181 1512 1101 1803 1853 1935 1009 1406 1772 1093 1658 1900 1108 1754 1294 1976 1119 1628 1693 1142 1624 1026 1635 1301 1693 1067 1251 1111 1805 1668 1938 1573 1131 1278 1631 1369 1498 1888 1828 1539 1583 1870 1574 1194 1847 1476 1506 1842 1250 1461 1542 1136 1225 1173 1212 1572 1318 1630 1423 1270 1687 1054 1796 1830 1016 1928 1120 1599 1087 1397 1483 1094 1411 BCNSPRNW ULIB Ver.6.0+V

เปลี่ยนเป็นภาษาไทย

Change to English
 แสดงรายละเอียดบรรณานุกรม
  กลับหน้าหลัก

Brief Record : Get Marc (ISO 2709) : E-mail record : QR code < ปิดหน้าต่าง
LEADER : 00000nam 2200000uu 4500
001    13399114315
003     ULIB
008    110422s||||||||th 000 0 tha d
020    9789741957026
060 04 WY105^bอ274ก
100 0  อมร สุวรรณนิมิตร
245 10 การบริหารการพยาบาล =^bNursing Administration./^cอมร สุวรรณนิมิตร
246 31 Nursing Administration.
250    พิมพ์ครั้งที่ 1
260    มหาสารคราม :^bคณะพยาบาลศาสตร์ มหาวิทยาลัยมหาสารคราม,^c2553
300    311 หน้า
650  7 การพยาบาล^xการบริหาร
650  7 การบริหารการพยาบาล
710 2  มหาวิทยาลัยมหาสารคราม. ^bคณะพยาบาลศาสตร์
945    ^p0^l0^i031377
995    เกษร
999    ^aใช้งานได้ทุกระบบ
รายการนี้ยังไม่มีแท็ก
คุณยังไม่ได้ล็อกอิน คุณสามารถมีกิจกรรมร่วมกับเว็บไซต์ได้ แต่ต้องล็อกอินก่อน ::
  ล็อกอิน

รายการสื่อสารสนเทศ

ลำดับที่ ประเภท เลขเรียก/บาร์โค้ด สถานที่ สถานะ
1. วิทยาศาสตร์การแพทย์ และสุขภาพ
หนังสือสำรอง
สถานะ=หนังสือสำรอง
WY105 อ274ก ฉ.1 
  Barcode: 031377
ห้องสมุดวิทยาเขตสวรรค์ประชารักษ์
►ส่วนจัดเก็บหนังสือเก่า สปร
บนชั้น
  ขอยืม

รายการใกล้เคียง
    ผู้แต่ง [อมร สุวรรณนิมิตร]

    หัวเรื่อง [การบริหารการพยาบาล]

BibComment


ยังไม่เคยถูกคอมเมนท์

คอมเมนท์ทรัพยากรรายการนี้
  คอมเมนท์: การบริหารการพยาบา..


 Copyright 2026. Bcnsprnw @Library